书目信息 |
| 题名: |
煤炭业包工制的运行及其制度困境
|
|
| 作者: | 王勇, 著 | |
| 分册: | ||
| 出版信息: | 北京 中国社会科学出版社 2020.08 |
|
| 页数: | 291页 | |
| 开本: | 24cm | |
| 丛书名: | ||
| 单 册: | ||
| 中图分类: | F426.21 | |
| 科图分类: | ||
| 主题词: | 煤炭工业--mei tan gong ye--组织制度--研究--中国 | |
| 电子资源: | ||
| ISBN: | 978-7-5203-6294-8 | |
| 000 | 01678nam0 2200289 450 | |
| 001 | 202021044822 | |
| 005 | 20211025120153.0 | |
| 010 | @a978-7-5203-6294-8@dCNY118.00 | |
| 100 | @a20211006d2020 em y0chiy50 ea | |
| 101 | 0 | @achi@deng@eeng |
| 102 | @aCN@b110000 | |
| 105 | @ay a 001yy | |
| 106 | @ar | |
| 200 | 1 | @a煤炭业包工制的运行及其制度困境@Amei tan ye bao gong zhi de yun xing ji qi zhi du kun jing@e以南矿为例@d= The operation and systematic dilemma of the labor contracting system in coal industry@eempirical research based on the south coal mine@f王勇著@zeng |
| 210 | @a北京@c中国社会科学出版社@d2020.08 | |
| 215 | @a291页@d24cm | |
| 300 | @a博士论文出版项目 | |
| 314 | @a王勇, 1990年, 山西长治人, 社会学博士, 湖北大学马克思主义学院讲师, 主要研究方向为煤矿工人研究与组织社会学。 | |
| 320 | @a有书目 (第264-285页) | |
| 330 | @a本书以南矿为田野研究点, 运用个案研究方法, 通过对南矿包工制组织结构及其功能的分析, 揭示包工制下的权益相关方 —— 矿方、包工头和工人在包工制组织结构中的权力和地位, 分析包工制的运行机制, 以及由此所导致的工人权利缺位和安全生产困境。通过对包工制组织运行机制-工人权利缺位-安全生产困境相关性的建构, 揭示煤炭业包工制的制度困境及其可能出路, 并与中国近代包工制的研究进行对话, 在此基础上, 反思国有企业组织在改革开放以来的具体实践逻辑。 | |
| 510 | 1 | @aOperation and systematic dilemma of the labor contracting system in coal industry@eempirical research based on the south coal mine@zeng |
| 517 | 1 | @a以南矿为例@Ayi nan kuang wei li |
| 606 | 0 | @a煤炭工业@Amei tan gong ye@x组织制度@x研究@y中国 |
| 690 | @aF426.21@v5 | |
| 701 | 0 | @a王勇,@Awang yong@f1990-@4著 |
| 801 | 0 | @aCN@c20210909 |
| 905 | @a河南城建学院图书馆@dF426.21@eW432 | |
| 煤炭业包工制的运行及其制度困境:以南矿为例= The operation and systematic dilemma of the labor contracting system in coal industry:empirical research based on the south coal mine/王勇著.-北京:中国社会科学出版社,2020.08 |
| 291页;24cm |
| 博士论文出版项目 |
| ISBN 978-7-5203-6294-8:CNY118.00 |
| 本书以南矿为田野研究点, 运用个案研究方法, 通过对南矿包工制组织结构及其功能的分析, 揭示包工制下的权益相关方 —— 矿方、包工头和工人在包工制组织结构中的权力和地位, 分析包工制的运行机制, 以及由此所导致的工人权利缺位和安全生产困境。通过对包工制组织运行机制-工人权利缺位-安全生产困境相关性的建构, 揭示煤炭业包工制的制度困境及其可能出路, 并与中国近代包工制的研究进行对话, 在此基础上, 反思国有企业组织在改革开放以来的具体实践逻辑。 |
| ● |
| 相关链接 |
|
|
|
正题名:煤炭业包工制的运行及其制度困境
索取号:F426.21/W432
 
预约/预借
| 序号 | 登录号 | 条形码 | 馆藏地/架位号 | 状态 | 备注 |
| 1 | 1544390 | 215443900 | 社科库409/409社科库 36排1列2层/ [索取号:F426.21/W432] | 在馆 |